Féminins ou Masculins ? - Mort subite - Statistiques

Statistiques générales
  • Ce quiz a été pris 343 fois
  • Le résultat moyen est 2 sur 20
Answers on the Grid
Answers color-coded by a green-red scale on the quiz's grid according to % correct below.
apostrophe
argile
éloge
omoplate
agrume
icône
épithète
stalagmite
effluve
antipode
arrhes
épiderme
aparté
urticaire
hémisphère
interstice
ode
ecchymose
intervalle
échappatoire
obélisque
aérogare
stère
stalactite
haltère
iguane
tentacule
réglisse
écumoire
hymne
anagramme
équinoxe
en-tête
tubercule
éritoire
exode
épilogue
anacoluthe
anagramme
entracte
 
Statistiques - réponses
Réponse % Correct
apostrophe
52%
omoplate
42%
icône
41%
argile
20%
ode
19%
stalagmite
12%
ecchymose
10%
échappatoire
8%
épithète
7%
réglisse
5%
anagramme
4%
arrhes
4%
stalactite
4%
anagramme
3%
aérogare
2%
anacoluthe
2%
écumoire
2%
entracte
2%
urticaire
2%
éritoire
1%
Aucun quiz correspondant
Distribution des résultats
% des personnes avec chaque résultat
Percentile par nombre de réponses
Votre historique - résultats
Vous n’avez pas pris ce quiz